Normal view
MARC view
- Woodard M G
Entry Personal Name
001 - CONTROL NUMBER
- control field: 215382
003 - CONTROL NUMBER IDENTIFIER
- control field: OSt
005 - DATE AND TIME OF LATEST TRANSACTION
- control field: 20251121202650.0
008 - FIXED-LENGTH DATA ELEMENTS
- fixed length control field: 251121|| aca||aabn | a|a d
040 ## - CATALOGING SOURCE
- Original cataloging agency: OSt
- Transcribing agency: OSt
100 ## - HEADING--PERSONAL NAME
- Personal name: Woodard M G
670 ## - SOURCE DATA FOUND
- Source citation: Work cat.: (OSt)95685: Woodard M G, Seven Rules For Joyful Living, 2016